A text book of chordates / (Record no. 82212)
[ view plain ]
| 000 -LEADER | |
|---|---|
| fixed length control field | 00630nam a22002057a 4500 |
| 005 - DATE AND TIME OF LATEST TRANSACTION | |
| control field | 20140421115518.0 |
| 010 ## - LCCN (DPL NO) | |
| LC control number | ENG-109191 |
| 020 ## - INTERNATIONAL STANDARD BOOK NUMBER | |
| Terms of availability | 400.00 |
| International Standard Book Number | 9789382459019 |
| 035 ## - SYSTEM CONTROL NUMBER | |
| System control number | EN-92724 |
| 037 ## - SOURCE OF ACQUISITION | |
| Source of stock number/acquisition | DBAD/PUB |
| 082 ## - DEWEY DECIMAL CLASSIFICATION NUMBER | |
| Classification number | 596.01 |
| 245 ## - TITLE STATEMENT | |
| Title | A text book of chordates / |
| Statement of responsibility, etc | by A. Thangamani...[et al] |
| 250 ## - EDITION STATEMENT | |
| Edition statement | 6th ed |
| 260 ## - PUBLICATION, DISTRIBUTION, ETC. (IMPRINT) | |
| Name of publisher, distributor, etc | Saras Publication |
| Date of publication, distribution, etc | 2013 |
| Place of publication, distribution, etc | Nagercoil |
| 270 ## - ADDRESS | |
| City | Nagercoil |
| Postal code | 629002 |
| Address | 114/35G, A. R. P. Camp Road, Periavilai, Kottar P. O., |
| 300 ## - PHYSICAL DESCRIPTION | |
| Extent | xvi,917p. : |
| Dimensions | 25cm(pbk) |
| Other physical details | ill. |
| 500 ## - GENERAL NOTE | |
| General note | Includes index |
| 700 ## - ADDED ENTRY--PERSONAL NAME | |
| Personal name | Thangamani, A. |
| 942 ## - ADDED ENTRY ELEMENTS (KOHA) | |
| Source of classification or shelving scheme | Dewey Decimal Classification |
| Item type | English Books |
| Call number suffix | TEX |
| Classification part | 596.01 |
| Withdrawn status | Lost status | Not for loan | Collection code | Home library | Current library | Date acquired | Source of acquisition | Cost, normal purchase price | Full call number | Barcode | Copy number | Cost, replacement price | Koha item type |
|---|---|---|---|---|---|---|---|---|---|---|---|---|---|
| Not For Loan | Non-fiction | D.B.Act.Division | D.B.Act.Division | 29/01/2014 | DBAD/PUB | 400.00 | 596.01 TEX | EN-92724 | 1 | 400.00 | English Books |
